| 000 | 00465pab a2200169 454500 | ||
|---|---|---|---|
| 008 | 180718b2007 xxu||||| |||| 00| 0 eng d | ||
| 100 | _aNikolayenko, Olena | ||
| 245 | _aThe revolt of the post-soviet generation: youth movements in Serbia, Georgia, and Ukraine | ||
| 260 | _c2007 | ||
| 300 | _ap.169-88. | ||
| 362 | _aJan | ||
| 650 | _aYouth movements - Russia | ||
| 650 | _aYouth movements | ||
| 773 | _aComparative Politics | ||
| 908 | _aN | ||
| 909 | _a73640 | ||
| 999 |
_c73640 _d73640 |
||